000 00525nam a22002057a 4500
999 _c5401
_d5401
001 5401
003 BD-JhCC
005 20171213191304.0
008 171213s xxu||||| ||a| 00| 0 eng d
035 _a(BD-JhCC)5401
040 _aBD-JhCC
_dBD-JhCC
041 _aeng
082 _a624.171
_bSTR
245 _aStructural Mechanic /
_cA. Darkov, Kuznetsov,
260 _aMoscow :
_bMir publishers,
300 _a703 p. :
_bills;
_c22 cm.
650 _aStructural analysis ( Engineering)
942 _2ddc
_cBK